000 00423nam a2200181Ia 4500
001 15661
005 20260306170212.0
008 260306t2019||||xx |||||||||||||| ||und||
041 _aESP
082 _a572
_bB119 2019
100 _aBaynes, John W.,
_eAUT
245 0 _aBioquímica médica
260 _c2019
300 _axxiv, 680 páginas :
_c28 cm.
650 _aGEN
654 _aCCS
942 _cLIB
_dJUS
_fJUS
_2ddc
_n
999 _c15661
_d15661